00645nam a2200229 a 450000100080000000500110000800800410001910000210006024500930008126000320017430000140020649000510022065300130027165300090028465300200029365300190031365300140033270000170034670000160036370000180037970000180039710069731997-10-28 1980 bl uuuu u0uu1 u #d1 aRIBEIRO, P.de A. aComportamento de algumas cultivares de macieira Malus domestica, Bork em Santa Catarina. aFlorianopolis: EMPASCc1980 a83p.cil. a(EMPASC. Boletim Tecnico. Serie Fruteiras, 5). aCULTIVAR aMACA aMALUS DOMESTICA aSANTA CATARINA aVARIEDADE1 aCAMILO, A.P.1 aPETRI, J.L.1 aPEREIRA, A.J.1 aCAMELATTO, D.